[Event "Budapest Hunguest Hotels"]
[Site "Budapest"]
[Date "2003.04.11"]
[Round "1"]
[White "Gelfand, Boris"]
[Black "Almasi, Zoltan"]
[Result "1/2-1/2"]
[WhiteElo "2700"]
[BlackElo "2676"]
[Annotator "Gershon,A"]
[PlyCount "70"]
[EventDate "2003.04.11"]
[EventType "tourn"]
[EventRounds "9"]
[EventCountry "HUN"]
[EventCategory "17"]
[SourceTitle "CBM 095"]
[Source "ChessBase"]
[SourceDate "2003.07.25"]
[SourceVersion "1"]
[SourceVersionDate "2003.07.25"]
[SourceQuality "1"]

1. Nf3 Nf6 2. c4 b6 3. d4 e6 4. g3 Ba6 5. Qb3 Nc6 6. Nbd2 Na5 7. Qc3 {The new
breeze in this line.} (7. Qc2 c5 8. e4 cxd4 9. e5 Ng4 (9... Ng8 $143 $2 10. Bd3
Rc8 11. O-O f5 12. exf6 Nxf6 13. Ng5 Qc7 14. b3 Bd6 15. Bxh7 Ke7 16. Qg6 Rcf8
17. Qxg7+ $18 {1-0 Panchenko,A-Pogorelov,R/Gyor 1990/EXT 97 (43)}) 10. h3 Nh6
11. Bd3 Bb7 12. O-O Nc6 13. a3 d6 14. Qa4 Qd7 15. exd6 Bxd6 16. Ne4 Be7 17.
Bxh6 gxh6 18. Rfe1 O-O 19. Qc2 Kh8 20. b4 f5 $132 {0-1 Grivas,E-Bagaturov,G/
Chania 2000/EXT 2001 (41)}) 7... c5 8. dxc5 bxc5 9. e4 Bb7 ({another option,
deserving consideration is:} 9... d6 10. a3 Bb7 11. b4 Nc6 12. Bg2 Be7 13. b5
Qa5 14. Qd3 Ne5 15. Nxe5 dxe5 16. O-O O-O 17. a4 Rfd8 18. Qc2 Rd7 19. Nb3 Qc7
20. Bd2 Qd6 21. Be3 Qc7 22. Rfd1 Rad8 23. f3 Rxd1+ 24. Rxd1 Rxd1+ 25. Qxd1 Nd7
26. Qd3 $14 {1/2-1/2 Kramnik,V-Almasi,Z/Monaco MNC 2002/The Week in Chess 385 
(75). (74)}) 10. e5 Ne4 11. Nxe4 Bxe4 12. Bg2 {White has some space advantage,
whereas black is counting on having only one weakness (d7) which can be easily
defended, as white's structure isn't perfect as well.} Be7 13. O-O Rb8 (13...
O-O 14. Bd2 ({After the naturally looking} 14. Be3 {white would find it
difficult to get rid of the black bishop on e4} Nc6 {[%cal Gd8a5,Ga8b8] and
the position is about equal}) 14... Nc6 15. Qe3 Bxf3 16. Bxf3 Nd4 17. Bc3 (17.
Bxa8 $143 Qxa8 {[%cal Gd4f3]} 18. f3 Nc2 19. Qd3 Nxa1 20. Rxa1 Qc6 {[%cal
Gf7f6] is good for black!}) 17... Nxf3+ 18. Qxf3 f6 19. Rad1 Rb8 20. Qe3 $14 {
Lautier, J - Gelfand,B/Cannes NAO/2002}) 14. b3 ({in a later game, Alex Huzman
tried:} 14. Re1 $5 Bg6 15. Nd2 f6 16. Nb3 {intending to open the 'a' file,
thus giving black additional headache about his 7th rank.} Nxb3 17. axb3 fxe5
18. Qxe5 O-O 19. Rxa7 Rxb3 20. Be3 $14 {1/2-1/2 Huzman,A-Beliavsky,A/EIMCC
2003 2003 (72). (72)}) 14... Nc6 15. Bb2 O-O 16. Qe3 Bg6 17. Rfd1 Qc7 18. Ne1
$5 {[%csl Rc5][%cal Ge1d3] Probably already having the idea which started with
his 21st move in mind. However, it gives white no more than an equality. A
more traditional doubling of rooks was worth considering.} (18. Rd2 $5 Rfd8 19.
Rad1 d6 $140 20. exd6 Bxd6 21. Nh4 $1 $16) 18... Rfd8 (18... d6 $5 19. exd6
Bxd6 20. Nd3 Bxd3 21. Qxd3 Nd4 $5 22. Bxd4 cxd4 23. f4 $14) 19. Nd3 d6 (19...
Qb6 20. Nf4 $16) 20. exd6 Qxd6 21. Ne5 {Gelfand is giving up two rooks for a
queen, trying to expoit a certain missplacement of black pieces, however, with
precise play black is able to consolidate and equalize.} Qxd1+ 22. Rxd1 Rxd1+
23. Bf1 Rc8 ({of course not:} 23... Nxe5 $4 24. Qxe5 {[%cal Ge5b8,Ge5g7]} Bf8
25. Qxb8 Bd3 26. Kg2 $18) 24. Qf3 (24. Nxc6 $6 Rxc6 25. Qe5 $2 f6 (25... Bf6
26. Qb8+ Rd8 27. Qb7 $11) 26. Qe3 (26. Qb8+ Kf7 $19) 26... Bd3) 24... Rd6 {
[%cal Gc6d4] all black pieces are awkwardly placed, but white is unable to
take advantage of it.} 25. Nxc6 Rdxc6 26. h4 h6 $1 (26... h5 {would have given
white another target for attack.}) 27. h5 Bf5 28. Bc3 R6c7 {the position
becomes roughly equal. black has more weaknesses, but the rooks will take
control over the open 'd' file, making white worry about his own safety.} 29.
Bd3 Bxd3 30. Qxd3 Rd8 31. Qe4 Rcd7 32. Kg2 (32. Qg4 Bf8 {black king is as safe
as it can get.}) 32... Rd3 33. Ba5 R8d7 34. Qa8+ Kh7 35. Qc8 Rd1 {Neither side
can improve it's position, therefore, a draw is agreed.} 1/2-1/2

[Event "EU-ch 2nd"]
[Site "Ohrid"]
[Date "2001.06.07"]
[Round "7"]
[White "Beliavsky, Alexander G"]
[Black "Gershon, Alik"]
[Result "1/2-1/2"]
[WhiteElo "2638"]
[BlackElo "2539"]
[Annotator "Gershon,A"]
[PlyCount "101"]
[EventDate "2001.06.01"]
[EventType "swiss"]
[EventRounds "13"]
[EventCountry "YUG"]
[SourceTitle "CBM 084"]
[Source "ChessBase"]
[SourceDate "2001.09.13"]
[SourceVersion "1"]
[SourceVersionDate "2001.09.13"]
[SourceQuality "1"]

1. d4 Nf6 2. c4 e6 3. Nf3 b6 4. g3 Ba6 5. b3 Bb4+ 6. Bd2 Be7 7. Bg2 c6 8. Bc3
d5 9. Ne5 Nfd7 10. Nxd7 Nxd7 11. Nd2 O-O 12. O-O Nf6 13. e4 b5 14. Re1 dxe4 15.
Qc2 Rb8 16. Rad1 Qc8 {[%mdl 8]} (16... Qc7 $143 17. Bf1 (17. Nxe4 bxc4 18.
Nxf6+ Bxf6 19. bxc4 c5 20. d5 Bxc3 21. Qxc3 exd5 22. Bxd5 Bb7 23. Qe5 Rbc8 24.
Qxc7 Rxc7 25. Bxb7 Rxb7 26. Rd5 $14 {1/2-1/2 Karpov,A-Leko,P/Linares ESP 2001/
The Week in Chess 330 (57)}) 17... bxc4 18. bxc4 c5 19. dxc5 Bb7 20. Nb3 Nd7
21. Qb2 g6 22. Bg2 f5 23. Nd4 Nxc5 24. Nb5 Qb6 $17 {0-1 Timman,J-Anand,V/Wijk
aan Zee NED 2001/The Week in Chess 325 (30)}) 17. Ba5 $6 $146 (17. Bf1 bxc4 18.
bxc4 c5 19. Nxe4 cxd4 20. Nxf6+ (20. Bxd4 Nxe4 21. Qxe4 Bb7 22. Qe5 Bf6 23. Qc5
Bxd4 24. Qxc8 Rfxc8 25. Rxd4 Bc6 {1/2-1/2 Karpov,A-Anand,V/Monaco MNC 2001/The
Week in Chess 332 (25)}) 20... Bxf6 21. Bxd4 Bxd4 22. Rxd4 Qc5 23. Red1 g6 24.
Qc3 Rbc8 25. h4 h5 26. R1d2 Bb7 $15 {1/2-1/2 Kallai,G-Adams,M/Montpellier FRA
2001/The Week in Chess 339 (32)}) 17... bxc4 18. bxc4 c5 19. Nxe4 cxd4 20. Rxd4
Nxe4 21. Bxe4 $6 (21. Rdxe4 $142 Bc5 $15) 21... f5 $1 22. Bg2 (22. Bd5 $4 exd5
23. Rxe7 Qc5 $19) 22... Bf6 23. Rd2 $8 (23. Rdd1 Rb2 24. Qc1 Qc5 {[%csl Ra5,
Rf2]} 25. Bd2 Qxc4 $19) (23. Rf4 {[%cal Ge1e6]} Rb2 24. Qd1 Rxa2 $19) 23...
Qxc4 $2 (23... Bxc4 24. Rc1 Rb5 (24... Ba6 25. Qd1 Qe8 26. Rd6 $44) 25. Bf1
Rxa5 26. Bxc4 Kh8 $17) 24. Rxe6 Qb5 25. Rd5 Qb1+ 26. Qxb1 {This is the move I
blundered on his 23rd move, forgetting that now white has the retreat Re1. Now
it's a draw.} (26. Qd1 Bc4 27. Re1 $8 Qxd1 28. Rdxd1 Bxa2 $17) 26... Rxb1+ 27.
Re1 Rxe1+ 28. Bxe1 Rb8 29. Bf1 Bxf1 30. Kxf1 Rb1 31. Ke2 Rb2+ $11 32. Rd2 Kf7
33. Rxb2 Bxb2 34. Kd3 Ke6 35. Kc4 Kd6 36. f3 (36. Kb5 $2 {If white tries to
play for win he can only lose.} Bd4 37. f4 Kd5 38. Ka6 Ke4 39. a4 Kf3 40. a5
Kg2 41. h4 Kf1 42. Bb4 Kf2 43. Bd6 Kxg3 44. Bb8 Kxh4 45. Bxa7 Bc3 46. Kb6 Bxa5+
47. Kxa5 Kg4 $19 {[%cal Gh7h1]}) 36... Kc6 {The rest is of no interest. The
players put the P's on light squares, and then, the only thing black should
care about is not to enter P ending and not to let white K to d4, it's easy to
achieve} 37. h3 (37. Bc3 $2 Bxc3 38. Kxc3 Kc5 39. f4 g6 40. a3 a5 41. Kb3 Kb5
42. a4+ Kc5 43. Kc3 h6 44. h3 h5 45. h4 Kd5 46. Kd3 Kc5 $11) 37... g6 38. g4
fxg4 39. fxg4 Be5 40. Bf2 a6 41. Bd4 Bg3 42. Bg7 Bf2 43. Bh6 Bb6 44. h4 Bf2 45.
h5 gxh5 46. gxh5 Bb6 47. Bf4 Bf2 48. Be5 Bb6 49. Bd4 Bd8 {Wherever the white B
moves, his opponent takes over the other /^} 50. Ba7 Bf6 51. Bc5 1/2-1/2

[Event "RUS-ch 53rd"]
[Site "Samara"]
[Date "2000.06.27"]
[Round "11"]
[White "Ikonnikov, Vyacheslav"]
[Black "Jakovenko, Dmitrij"]
[Result "1-0"]
[WhiteElo "2550"]
[BlackElo "2443"]
[Annotator "Gershon,A"]
[PlyCount "55"]
[EventDate "2000.06.03"]
[EventType "swiss"]
[EventRounds "11"]
[EventCountry "RUS"]
[SourceTitle "CBM 078"]
[Source "ChessBase"]
[SourceDate "2000.10.18"]
[SourceVersion "1"]
[SourceVersionDate "2000.10.18"]
[SourceQuality "1"]

1. d4 Nf6 2. Nf3 e6 3. c4 b6 4. g3 Ba6 5. Qa4 Bb7 6. Bg2 c5 7. dxc5 Bxc5 8. O-O
O-O 9. Nc3 Be7 10. Bf4 Na6 11. Rfd1 Nc5 12. Qc2 Qc8 (12... Nce4 $2 13. Ne5 Nxc3
14. Bxb7 Nxd1 15. Rxd1 Rb8 16. Nc6 dxc6 17. Rxd8 Rbxd8 18. Bxc6 $16 {1-0
Kanstler,B-Baimuratov,S/Bishkek 1993/CBM 35 (51)}) (12... Nfe4 13. Ne5 Nxc3 14.
Qxc3 Bxg2 15. Kxg2 Qc8 16. b4 f6 17. bxc5 fxe5 18. Bxe5 Bxc5 19. f3 Rf7 20. Rd3
Qc6 21. Rad1 $14 {1-0 Ikonnikov,V-Van Gisbergen,S/Cappelle la Grande 1994/TD 
(31)}) (12... a6 13. Rac1 Rc8 14. b3 d6 15. Bg5 Nfe4 16. Bxe7 Qxe7 17. Nxe4
Bxe4 18. Qd2 Rfd8 19. Qe3 Qb7 $11 {0-1 Kasimdzhanov,R-Timman,J/Dordrecht NED
2000 (34)}) 13. Rd4 (13. Rac1 a6 (13... Nce4 14. Nd4 (14. Nxe4 Bxe4 15. Qd2 Qa6
16. a3 Rac8 17. Bg5 h6 18. Bxf6 Bxf6 19. Qb4 (19. Qxd7 $2 Bxb2 $19) 19... d5
20. Nd2 Bxg2 21. Kxg2 Rfd8 $17 {0-1 Skembris,S-Sax,G/Bolzano ITA 2000/The Week
in Chess 297 (43)}) 14... Nxc3 15. Qxc3 a6 16. Bf3 Ra7 17. Nb3 Bxf3 18. Qxf3
Qb7 19. Qxb7 Rxb7 20. f3 Rc8 21. e4 Ne8 22. e5 f6 23. Rc2 Kf7 $11 {1/2-1/2
Huebner,R-Adams,M/Dortmund GER 2000/The Week in Chess 297 (36)}) 14. Bd6 Bxd6
15. Rxd6 Qc7 16. Rd4 Rac8 17. Rh4 $6 d6 18. g4 g6 {[%csl Rh4]} 19. Ng5 Bxg2 20.
Kxg2 Qe7 $17 {0-1 Burmakin,V-Kalesis,N/Balatonfuzfo 1993/EXT 98 (29)}) 13... d5
14. cxd5 (14. Rc1 Nfe4 15. cxd5 Nxc3 16. Qxc3 Bxd5 17. b4 Bf6 18. Qe3 Bxd4 19.
Qxd4 Qa6 20. bxc5 Qxe2 21. Nd2 bxc5 22. Qxc5 Bxg2 23. Kxg2 $14 {1-0 Seres,
L-Kiesekamp,M/Szeged 1998/CBM 63 ext (53)}) 14... exd5 {[%cal Gc5e6]} (14...
Nxd5 {leads by force to an unpleasant endgame} 15. Nxd5 Bxd5 16. Ng5 Bxg5 17.
Bxd5 exd5 (17... Bf6 18. Bxa8 Bxd4 19. Bg2 $14 {^^}) (17... Bxf4 $2 18. Bxa8
Be5 19. Rh4 $18) 18. Bxg5 Ne4 19. Qxc8 Raxc8 20. Be3 Rc2 21. f3 Nf6 22. Rd2 $14
) 15. Rdd1 $1 (15. Be5 Ne6 16. Rh4 $2 Ne4 $36 {[%csl Rh4]}) 15... Ne6 $2 {
This move is the key of black's next difficulties} (15... Nce4 $142 16. Rac1
Nxc3 17. Qxc3 Qxc3 18. Rxc3 Rac8 $14) 16. Be5 Ne4 17. Rac1 (17. Qd3 Nxc3 18.
Bxc3 Nc5 $11 {[%cal Gc5e4]}) 17... Bc5 (17... f6 18. Nxd5 $5 (18. Bd4) 18...
Bxd5 19. Rxd5 Qxc2 20. Rxc2 fxe5 21. Rxe5 N4c5 22. b4 Bf6 23. bxc5 (23. Re3
Rad8 24. bxc5 Rd1+ 25. Bf1 Nxc5 26. Ne5 $14) 23... Bxe5 24. Nxe5 {[%csl Ra8]}
Rad8 25. c6 $44) (17... Rd8 18. Nxd5 Bxd5 19. Rxd5 Qxc2 20. Rxd8+ Rxd8 21. Rxc2
$16) 18. e3 Rd8 (18... f6 19. Nxd5 $1 Bxd5 (19... fxe5 20. Qxe4 $18) (19...
Nxf2 20. Qxf2 fxe5 21. Ne7+ Bxe7 22. Rxc8 Raxc8 {[%cal Ge5e4]} 23. Qe2 $16) 20.
Rxd5 Nxf2 21. Qxf2 fxe5 22. Qd2 $16 {[%csl Re5][%cal Gb2b4]} (22. b4 e4 23.
bxc5 Nxc5 $11)) 19. Qb3 $1 {[%csl Rd5][%cal Gc1c8]} N6g5 $2 {Perhaps black has
missed white's 23rd move or perhaps he missed his own tactical chance to hold
the pawn (19...Rd7!). Anyhow, this move loses almost by force.} (19... Nxc3 20.
Bxc3 $16 {[%csl Rd5][%cal Gf3e5]}) (19... Rd7 $142 $1 {[%cal Gc8e8,Ga8d8]} 20.
Nd4 (20. Nxd5 $140 $2 Nxf2 $3 21. Kxf2 Bxd5 22. Rxd5 Rxd5 23. Qxd5 Bxe3+ $1 24.
Kxe3 Qxc1+ $132) 20... Qe8 {and although worse black is still in the game}) 20.
Nxg5 Nxg5 21. Nxd5 {[%cal Gd5e7]} Nh3+ (21... Qe6 $142 22. Bc7 Rd7 (22... Bxd5
23. Bxd5 Rxd5 24. Qxd5 $18) 23. Rxc5 bxc5 24. Qxb7 $18) 22. Bxh3 Qxh3 23. Rxc5
$18 bxc5 24. Qxb7 Qh5 25. Ne7+ Kf8 26. Rd5 $1 Qg4 (26... Qe2 27. Bd6 $18) 27.
Nf5 $1 Kg8 28. Bxg7 {[%cal Gf5h6]} (28. Bxg7 Qe2 29. Nh6+ Kxg7 30. Qxf7+ Kxh6
31. Qf6#) 1-0

[Event "RUS-ch KO"]
[Site "Moscow"]
[Date "1999.12.19"]
[Round "3.1"]
[White "Fominyh, Alexander"]
[Black "Sakaev, Konstantin"]
[Result "0-1"]
[WhiteElo "2552"]
[BlackElo "2648"]
[Annotator "Gershon,A"]
[PlyCount "138"]
[EventDate "1999.12.04"]
[EventType "k.o."]
[EventRounds "6"]
[EventCountry "RUS"]
[SourceTitle "CBM 075"]
[Source "ChessBase"]
[SourceDate "2000.04.05"]
[SourceVersion "1"]
[SourceVersionDate "2000.04.05"]
[SourceQuality "1"]

1. d4 Nf6 2. Nf3 e6 3. c4 b6 4. g3 Ba6 5. Qb3 Nc6 6. Bd2 Bb7 (6... Rb8 7. a3 (
7. Bg2 $5 b5 8. c5 b4 9. a3 Bb7 10. O-O a5 11. axb4 axb4 12. Bg5 Be7 13. Nbd2
O-O 14. e4 d6 15. d5 exd5 16. exd5 Ne5 17. Nxe5 dxe5 18. Bxf6 Bxf6 19. Ne4 g6
20. Ra7 $16 {1-0 Huzman,A-Berend,F/Bonnevoie 1998/EXT 99 (35)}) 7... Bb7 8. Qd3
Na5 9. b4 Be4 10. Qc3 Nb7 11. Bg2 c5 12. O-O Be7 13. Bf4 Rc8 14. Nbd2 O-O 15.
Nxe4 Nxe4 16. Qd3 d5 17. Rfc1 cxb4 18. axb4 Bxb4 19. Rxa7 Na5 20. cxd5 Rxc1+
21. Bxc1 exd5 $14 {0-1 Epishin,V-Timoshenko,G/Graz 1997/EXT 2000 (33)}) (6...
Na5 7. Bxa5 bxa5 8. Bg2 Bb4+ 9. Nbd2 O-O 10. O-O c5 11. dxc5 Bxc5 12. Rac1 Rb8
13. Qc2 Qb6 14. Ne4 Nxe4 15. Qxe4 Qxb2 16. Rc2 Qb6 $17 {0-1 Nestorovic,
D-Zontakh,A/Jagodina 1998/CBM 65 ext (42)}) (6... Be7 7. a3 O-O 8. Bg2 d5 9.
cxd5 exd5 10. Qa4 Bb7 11. O-O Ne4 12. Rc1 Bf6 13. Bf4 Qd7 14. Nc3 Rad8 15. Qd1
Rfe8 16. h4 h6 17. Rc2 g5 18. hxg5 hxg5 19. Nxe4 dxe4 20. Nxg5 Qf5 21. Nh3 Nxd4
22. Rd2 Ba6 23. Qe1 Qh5 24. Bxc7 Nxe2+ 25. Rxe2 Qxe2 26. Qxe2 Bxe2 27. Bxd8
Rxd8 28. Bxe4 Bxb2 $17 {0-1 Devcic,D-Ribli,Z/Pula 1999/EXT 2000 (44)}) 7. d5 (
7. Bc3 Ne4 8. a3 d5 (8... Nxc3 9. Qxc3 Be7 10. Qd3 d5 11. cxd5 Qxd5 12. Nc3 Ne5
$1 {Fritz} (12... Qh5 13. Bg2 O-O 14. O-O Rfd8 15. Rad1 Bf6 16. Qe3 Ne7 17. Ne4
Bxe4 18. Qxe4 Qb5 19. Rd2 c5 $11 {1/2-1/2 Epishin,V-Razuvaev,Y/St Petersburg
1998/CBM 67 (28)}) 13. dxe5 Qxd3 14. exd3 Bxf3 $17) 9. Bg2 Be7 10. O-O O-O 11.
Rd1 Nxc3 12. Qxc3 Bf6 13. cxd5 exd5 14. Qc2 Ne7 15. Nc3 c6 16. Rac1 g6 17. b4
a6 18. e3 Nf5 19. a4 Be7 20. b5 f6 21. bxc6 Bxc6 22. Qb3 Kh8 23. Ne1 $16 {
[%csl Gb6,Gd5] 1-0 Epishin,V-Blocker,C/Philadelphia 1998/EXT 99 (43)}) 7... Ne7
(7... exd5 8. cxd5 Ne7 9. d6 cxd6 10. Bg2 Nc6 11. O-O Be7 12. Nc3 O-O 13. Rad1
Rc8 14. Qc2 a6 15. Bf4 Qc7 16. Qf5 g6 17. Qd3 Nb4 18. Qd4 Nbd5 19. Nxd5 Nxd5
20. Bh6 Bf6 21. Qd2 Rfe8 22. Ng5 Ne7 23. e4 Bg7 24. Bxg7 Kxg7 25. Rc1 Bc6 26.
Qd4+ $36 {0-1 Bobrowska,M-Lerner,K/Koszalin 1999/CBM 73 no vc (56)}) 8. dxe6
fxe6 9. Bg2 Nf5 10. O-O (10. Bc3 Bc5 11. O-O Ne4 12. Be5 d6 13. Bc3 O-O 14.
Nbd2 a5 15. Nxe4 Bxe4 16. Qd1 Qe8 17. b3 b5 18. cxb5 Qxb5 19. Qd2 e5 $13 {
1-0 Bunzmann,D-Bucher,D/Zurich SUI 1999 (30)}) 10... Bc5 11. Nc3 O-O 12. Qc2
Qe8 {This is an unbalanced position with each side having it's pluses and
minuses.What is sure, there is planty of active plans for everyone.} 13. Bg5 (
13. e4 Qh5 $1 {[%csl Rf3][%cal Gb7f3]} 14. Qd3 (14. exf5 Bxf3 15. Bxf3 (15.
fxe6 Ng4 16. h4 Bxg2 17. Kxg2 Nxf2 $19) 15... Qxf3 16. fxe6 Ng4 {[%csl Rf2]}
17. Be1 {[%cal Gc2f2]} Ne3 $1 18. Qe4 Nxf1 19. Qxf3 Rxf3 20. exd7 Nxg3 21. Rd1
Rd8 22. hxg3 Rf7 $19) 14... Nd6 15. Rae1 (15. e5 Ng4 16. h3 Rxf3 $1 $19) 15...
Ng4 16. h3 Nxf2 17. Rxf2 Bxf2+ 18. Kxf2 Qc5+ 19. Be3 Qxc4 $15 {I believe that
a rook and two pawns are better in this position since black has a strong
center and white pieces do not have good positions.}) 13... Ng4 (13... Qh5 14.
Bxf6 Rxf6 15. Ne4 Bxe4 16. Qxe4 Raf8 17. Rad1 $11) 14. h3 Nxf2 $1 {Black gets
two pawns and seriously weakens his opponent's king.} ({the safe continuaiton
would be:} 14... Nf6 {but then there is no sense in black's last move.}) 15.
Rxf2 Nxg3 16. Qd2 (16. e3 Qh5 {[%csl Rf3,Rg5]} 17. Bf4 (17. b4 Bxb4 18. Bf4
Bxc3 19. Qxc3 Ne4 $19) 17... Rxf4 18. exf4 Bxf3 19. Kh2 Bxg2 (19... Bxf2 $4 20.
Qxf2 Bxg2 21. Qxg2 $18 {[%cal Gg2a8]}) 20. Rxg2 Nf5 $17) 16... Nf5 {No hurry
taking the R} 17. Re1 (17. e3 $142 Qg6 {[%cal Gb7f3]} 18. Bf4 $8 Bxf3 19. Rxf3
Nxe3 $1 20. Kh1 Nxg2 21. Qxg2 Qxg2+ 22. Kxg2 $13) 17... Qh5 18. Bf4 Bxf2+ 19.
Kxf2 Nh4 {[%csl Rf3][%cal Gf8f2]} 20. Qe3 Nxg2 $1 {[%cal Gb7g2] Now black has
only one piece left, but what a piece! white has no opponent for black's
killer on b7} (20... Nxf3 $143 21. exf3 (21. Bxf3 Bxf3 22. exf3 Qh4+ 23. Bg3
Qxc4 $17) 21... Qh4+ 22. Bg3 Qxc4 $15 {Grabbing a third pawn but allowing
white to consolidate his pieces}) 21. Kxg2 Qh4 22. Bg3 Qxc4 $17 23. Rd1 Qc6 (
23... Rf7 24. Rd4 Qc6 25. Ne4 {[%cal Ge4g5,Ge3d3] trying to create some
counterplay}) 24. Rd4 Rae8 {[%cal Ge6e5]} 25. Re4 Rf5 26. Kh2 (26. Nd4 Qc5 $19)
26... Qc5 27. Nd4 $8 Bxe4 28. Nxe4 Re5 29. Qd3 (29. Bxe5 Qxe5+ 30. Kg2 d5 $19)
29... Rxe4 30. Qxe4 d6 31. Nf3 a5 32. a3 {All there is left for black is to
swap the queens and it will be a pure technique to give his a well earned
point.} Qd5 33. Qc2 Qc5 34. Qe4 Qb5 35. Qc2 h6 $1 {[%cal Gf3g5] Taking away
white's counterchances.} 36. Nd4 Qd7 37. Qe4 e5 38. Nf3 {The pawns are
beautifully placed completely killing all white pieces' activity} Rf8 39. a4
Qf5 40. Qc6 Rf7 41. Qc4 g5 42. Ne1 h5 43. Ng2 (43. e4 Qf1 $19) 43... h4 {
Black's play reminds me of a Football team that is advancing to the touchdown
slowly, yard by yard, combining rushes on the ground (pawn advances) and long
passes. However, unlike football, the defence here is completely helpless.} 44.
Be1 Kh7 {[%cal Gf7g7,Gg5g3]} 45. Bd2 Rg7 46. Be3 e4 {[%cal Gc4h4] cutting the
Q off the K side.but also giving white some squares in the center.} (46... g4
$6 47. Nxh4 Qf6 48. Qe4+ Kh8 49. Ng2 gxh3 50. Kxh3 Qf1 {is promissing but
gives white unnecessary counterchances.}) 47. Bd4 Re7 48. Qc6 Qf7 49. Kg1 Qe6
50. Qa8 c5 (50... Qxh3 $4 51. Qh8+ Kg6 52. Qf6+ $18) 51. Qh8+ Kg6 {All white's
counterplay consists of one check!} 52. Bf2 Re8 $1 (52... Qxh3 $2 {is not
necessary at all} 53. Qg8+ Kh5 (53... Rg7 54. Qe8+ $132) 54. Qh8+ Kg6 (54...
Kg4 $4 55. Qc8+ $18)) 53. Qc3 Rf8 54. Be1 d5 55. Qb3 Rf6 56. Qb5 d4 {[%csl Gg2]
The knight has not a single move! The rest could easily have been spared.} 57.
e3 d3 58. Bc3 Rf3 59. Qa6 Rxh3 60. Qb7 Rf3 61. Qg7+ Kh5 62. Qh8+ Kg4 63. Be1 h3
64. Nf4 gxf4 65. Qh4+ Kf5 66. Qh5+ Kf6 67. Bc3+ Ke7 68. Qg5+ Kd7 69. exf4 Kc6
0-1

[Event "Petrov Memorial op"]
[Site "St Petersburg"]
[Date "2000.02.09"]
[Round "3"]
[White "Polovodin, Igor A"]
[Black "Pavlov, Aleksandr"]
[Result "1-0"]
[WhiteElo "2434"]
[BlackElo "2311"]
[Annotator "Gershon,A"]
[PlyCount "71"]
[EventDate "2000.02.05"]
[EventType "swiss"]
[EventRounds "9"]
[EventCountry "RUS"]
[SourceTitle "CBM 076"]
[Source "ChessBase"]
[SourceDate "2000.05.31"]
[SourceVersion "1"]
[SourceVersionDate "2000.05.31"]
[SourceQuality "1"]

{[%mdl 32768]} 1. d4 Nf6 2. Nf3 e6 3. c4 b6 4. g3 Ba6 5. b3 Bb7 6. Bg2 Bb4+ 7.
Bd2 a5 8. O-O O-O 9. Nc3 d5 10. cxd5 (10. Qc2 Na6 11. Rad1 h6 12. Ne5 Qc8 13.
Bh3 Qe8 14. cxd5 exd5 15. Bf4 Rd8 16. Qc1 Bc8 17. Bg2 Bb7 18. a3 Bd6 19. Nc4
Bxf4 20. Qxf4 Bc8 21. Ne3 Be6 22. Nf5 Bxf5 23. Qxf5 Qe6 24. Qd3 Nb8 25. b4 axb4
26. axb4 Nc6 27. b5 Na5 28. Rfe1 $14 {1-0 Karpov,A-Salov,V/Linares 1992/CBM 28
(62)}) (10. Ne5 Nbd7 (10... c6 11. Rc1 dxc4 12. Nxc4 b5 13. Ne5 Qxd4 14. Nd3
Qb6 15. Be3 c5 16. Bxb7 Qxb7 17. Bxc5 Rd8 18. Qc2 Na6 19. Be3 Ba3 20. Rcd1 Rac8
21. Qd2 Bb4 22. Rc1 Ne4 23. Nxe4 Bxd2 24. Nxd2 Rxc1 25. Rxc1 Rc8 {0-1 Shvidler,
E-Almasi,Z/Zuerich 1993/EXT 97 (25)}) 11. Nd3 Qe7 (11... Be7 12. Rc1 Ne4 13.
Be3 Ndf6 14. Qc2 Ba3 15. Rcd1 Nxc3 16. Qxc3 Ne4 17. Qc2 Qe7 18. Bc1 Rac8 19.
cxd5 exd5 20. Bxa3 Qxa3 21. Nf4 Qe7 $11 {1/2-1/2 Epishin,V-Huebner,R/Wijk aan
Zee 1992/CBM 28 (32)}) 12. Rc1 Rad8 13. cxd5 exd5 14. Bf4 Bxc3 15. Rxc3 c6 16.
Rc2 Ne4 17. Qc1 Rfe8 18. Qb2 h6 19. Rfc1 Qe6 20. Bd2 c5 21. dxc5 Ndxc5 22. Be3
Nxd3 23. exd3 Ng5 24. Qd4 Rd6 25. h4 $16 {1-0 Epishin,V-Pushkov,N/Podolsk 1992/
EXT 97 (48)}) 10... exd5 11. a3 (11. Rc1 Na6 12. Bf4 (12. Ne5 Ba3 13. Rb1 h6
14. Qc2 Re8 15. Rbd1 c6 16. Bf4 Bd6 17. Qb2 Nc7 18. Be3 Ne6 19. f4 b5 20. Bf3
Qe7 21. Bf2 a4 22. Qc2 Rec8 $11 {1/2-1/2 Pinter,J-Kurajica,B/Manila 1992/TD 
(60)}) 12... Qe7 13. Ne5 Qe6 14. Nd3 Ba3 15. Rc2 Qd7 16. Ne5 Qe8 17. Qb1 Bd6
18. Nd3 Ba3 19. Bc1 {1/2-1/2 Neverov,V-Gurevich,M/Tbilisi 1987/EXT 97 (19)}) (
11. Qc2 Re8 12. Bg5 Nbd7 13. Bh3 Bxc3 14. Qxc3 Rxe2 15. Rac1 c6 16. Bxd7 Qxd7
17. Ne5 Qf5 18. Bxf6 gxf6 19. Nd3 Qf3 20. Nf4 Qxc3 21. Rxc3 Rxa2 22. Nh5 Re2
23. Nxf6+ Kg7 24. Nd7 Rae8 25. Nxb6 Rd2 $17 {0-1 Polaczek,R-Sokolov,A/Biel
1992/CBM 31 ext (39)}) 11... Be7 12. Qc2 c5 $6 {I think it would be better
idea for black to keep the pawn on c6, since after a5 he has too many
weaknesses in the haging pawns structure.} 13. Rfd1 Nbd7 14. Bf4 Rc8 15. dxc5
bxc5 {[%csl Ya4,Ra5,Yb5]} 16. Ne5 {[%csl Rd5]} Nb6 (16... Re8 17. Nxd5 Bxd5 (
17... Nxe5 18. Nxf6+ {[%csl Gd8][%cal Gd1d8]}) 18. Bxd5 Nxe5 19. Bxe5 (19.
Bxf7+ Nxf7 20. Rxd8 Rexd8 $13) 19... Nxd5 20. e4 Ne3 21. fxe3 Qb6 22. Qc4 $16 {
[%cal Gd1d3,Ya1d1]}) 17. Nc4 $1 Na8 (17... a4 18. Nxb6 Qxb6 19. Nxa4 $18) 18.
Rac1 {No harry, black has no moves anyway} (18. Nxd5 Nxd5 19. e4 $16) 18... h6
19. Nxd5 Nxd5 20. e4 $18 {A very depressing position from black's point of
view.The rest is just an agony} g5 21. Be5 Nab6 22. Nxa5 Ba8 23. exd5 c4 24.
Nc6 Qd7 25. bxc4 Bxa3 26. Rb1 Bc5 27. Rb5 Bxc6 28. dxc6 Qe7 29. Ba1 Rcd8 30.
Bd5 Nxd5 31. cxd5 Bd6 32. Rb7 Bc7 33. Qc3 f6 34. Qc4 Kh8 35. Bc3 Rfe8 36. Rxc7
1-0